000 00428nam a2200181Ia 4500
001 3657
005 20260306145659.0
008 260306t2006||||xx |||||||||||||| ||spa||
041 _aESP
082 _a301
_bS47 2006
100 _aSchaefer, Richard T.
_eAUT
245 0 _aIntroducción a la sociología
260 _c2006
300 _a467 páginas :
_c27 cm.
650 _aGEN
654 _aCHU
942 _cLIB
_dJUS
_fJUS
_2ddc
_n
999 _c3657
_d3657